| 000 | 00430cam a2200169ua 4500 | ||
|---|---|---|---|
| 020 | _c1.75 | ||
| 041 |
_amal _h |
||
| 082 |
_a894.8124 _bSUG/JA |
||
| 100 | _aSugathan, R. | ||
| 245 |
_aJanakeeya sahitya vicharam / _cSugathan R. _hTextual Documents |
||
| 260 |
_aKottayam : _bSahitya Pravarthaka Co-operative Society , _c1969. |
||
| 300 | _a120 ; . | ||
| 365 | _a1.75 | ||
| 504 | _a | ||
| 942 | _cBK | ||
| 999 |
_c5811 _d5811 |
||